| 000 -LEADER |
| fixed length control field |
00934cam a2200289 a 4500 |
| 020 ## - INTERNATIONAL STANDARD BOOK NUMBER |
| ISBN |
0618144757 |
| 020 ## - INTERNATIONAL STANDARD BOOK NUMBER |
| ISBN |
9780618144754 |
| 040 ## - CATALOGING SOURCE |
| Transcribing agency |
DLC |
| 082 ## - DEWEY DECIMAL CLASSIFICATION NUMBER |
| Classification number |
939 HOU 2002 A100 Or. |
| 100 1# - MAIN ENTRY--AUTHOR NAME |
| Personal name |
Lapatin, Kenneth D. S. |
| 245 10 - TITLE STATEMENT |
| Title |
Mysteries of the snake goddess : |
| Remainder of title |
art, desire, and the forging of history / |
| 260 ## - PUBLICATION, DISTRIBUTION, ETC. (IMPRINT) |
| Place of publication |
Boston : |
| Name of publisher |
Houghton Mifflin, |
| Year of publication |
2002. |
| 300 ## - PHYSICAL DESCRIPTION |
| Number of Pages |
x, 274 p. : |
| Other physical details |
ill., map ; |
| Dimensions |
22 cm. |
| 650 #0 - SUBJECT ADDED ENTRY--TOPICAL TERM |
| Topical Term |
Sculpture, Minoan. |
| 650 #0 - SUBJECT ADDED ENTRY--TOPICAL TERM |
| Topical Term |
Excavations (Archaeology) |
| 650 #0 - SUBJECT ADDED ENTRY--TOPICAL TERM |
| Topical Term |
Forgery of antiquities |
| 650 #0 - SUBJECT ADDED ENTRY--TOPICAL TERM |
| Topical Term |
Cultural property |
| 650 #0 - SUBJECT ADDED ENTRY--TOPICAL TERM |
| Topical Term |
Goddesses in art. |
| 650 #0 - SUBJECT ADDED ENTRY--TOPICAL TERM |
| Topical Term |
Antiquities |
| 700 1# - ADDED ENTRY--PERSONAL NAME |
| Personal name |
Evans, Arthur, |
| 700 1# - ADDED ENTRY--PERSONAL NAME |
| Personal name |
Seager, Richard B. |
| 700 1# - ADDED ENTRY--PERSONAL NAME |
| Personal name |
Fairbanks, Arthur, |
| 710 2# - ADDED ENTRY--CORPORATE NAME |
| Corporate name or jurisdiction name as entry element |
Museum of Fine Arts, Boston. |
| 856 42 - ELECTRONIC LOCATION AND ACCESS |
| Uniform Resource Identifier |
http://www.loc.gov/catdir/description/hm021/2001051892.html |
| 856 42 - ELECTRONIC LOCATION AND ACCESS |
| Uniform Resource Identifier |
http://www.loc.gov/catdir/enhancements/fy0736/2001051892-b.html |
| 942 ## - ADDED ENTRY ELEMENTS (KOHA) |
| Koha item type |
សៀវភៅភាសាអង់គ្លេស |
| 952 ## - LOCATION AND ITEM INFORMATION (KOHA) |
| Withdrawn status [LOCAL, KOHA] |
0 |